000 00786nam a22002295i 4500
001 166720
003 ES-MaACL
005 20250629130541.0
008 990420s1885 sp |||| | spa d
040 _aCCPB | B
_bspa
_cCCPB | B
100 1 _aTunisi, Carlo.
_9133412
245 1 0 _aTratamiento específico del cólera /
_cpor ... Carlos Tunisi ; traducido de la 6ª edición italiana por el Dr. ***.
250 _aNueva ed. española.
260 _aMadrid :
_bGutenberg Librería nacional y extranjera,
_c1885.
300 _a60 p. ;
_c19 cm.
597 _aAntep.
650 4 _aCólera-
_xTratamiento.
_9157013
852 _aES-MaACL
_jFol-Laf-420
_z-- Rúst.
_z-- Legado de Modesto de la Fuente
942 _2udc
999 _c166720
_d166720